00195nam a2200085Ia 4500008004100000100002100041245001900062260001900081260000900100170617s9999 xx 000 0 und d aPundir Sudhir K. 0aBiomathematics bMeerut Pragati c2006